| 000 | 00744nam a22002537a 4500 | ||
|---|---|---|---|
| 003 | UA-OsUOA | ||
| 001 | 33355 | ||
| 007 | ta | ||
| 008 | 20041201b un ||||| |||| 00| 0 ukr d | ||
| 100 | _aКарышковский П. О. | ||
| 090 |
_a903 _bА87 |
||
| 942 | _cBK | ||
| 040 |
_aUA-OsUOA _brus _cUA-OsUOA _dUA-OsUOA |
||
| 245 |
_aМонеты Ольвии _bОчерк денежного обращения Северо-Западного Причерноморья в античную эпоху |
||
| 300 |
_a168 с. _bІлюстрації |
||
| 955 | _a0 | ||
| 041 | _arus | ||
| 080 | _a903 | ||
| 020 | _a5-12-000104-1 | ||
| 260 |
_aКиев _bНаукова думка _c1988 |
||
| 044 | _aUA | ||
| 650 | 7 | _2UDC | |
| 999 |
_c319822 _d319822 |
||